000 00209 a2200097 4500
001 2976
100 _aHant, M.G
245 _aGeomosphology:pure & Applied
260 _a
_bGeorge Allen
_c
090 _c2265
_d2265
942 _aNUST-CAE
_cM
_c14058
999 _c238049
_d238049